Isoquinoline alkaloids research, 1972-1977 /

Bibliographic Details
Main Author: Shamma, Maurice, 1926-
Other Authors: Moniot, Jerome L.
Format: Book
Language:English
Published: New York : Plenum Press, [1978]
Subjects:

MARC

Tag First Indicator Second Indicator Subfields
LEADER 00000cam a2200000 i 4500
001 in00000064153
005 20151008051204.0
008 771209s1978 nyua b 00110 eng
010 |a  77026929  
020 |a 0306310597 
035 |a (OCoLC)03542636 
035 |9 AAG6322AM 
040 |a DLC  |c DLC  |d MQM  |d TXA  |d UtOrBLW 
049 |a TXAM  |c 1 [976843] 
050 0 0 |a QD421  |b .S543 
082 0 |a 547/.72 
096 |a QD 421 S528i 1972-77 
100 1 |a Shamma, Maurice,  |d 1926- 
245 1 0 |a Isoquinoline alkaloids research, 1972-1977 /  |c Maurice Shamma and Jerome L. Moniot. 
264 1 |a New York :  |b Plenum Press,  |c [1978] 
264 4 |c ©1978 
300 |a xvii, 425 pages :  |b illustrations ;  |c 24 cm. 
336 |a text  |b txt  |2 rdacontent 
337 |a unmediated  |b n  |2 rdamedia 
338 |a volume  |b nc  |2 rdacarrier 
504 |a Includes bibliographical references and indexes. 
650 0 |a Alkaloids. 
650 0 |a Isoquinoline. 
650 2 |a Alkaloids. 
650 2 |a Isoquinolines. 
700 1 |a Moniot, Jerome L. 
999 |a MARS 
999 f f |s c5de0111-c0cc-3fcf-badd-9ef7dc5e9cc4  |i e767a920-489d-31fe-8f5a-3c83608d072f  |t 0 
952 f f |p ric  |a Texas A&M University  |b Rellis Campus  |c Joint Library Facility  |d Remote Storage  |t 0  |e QD421 .S543  |h Library of Congress classification  |i unmediated -- volume  |m A14804706647 
998 f f |a QD421 .S543  |t 0  |l Remote Storage